• 首页
  • 本馆介绍
  • 公告通知
  • 最新文献
  • 馆藏检索
  • 电子资源
  • 读者导购
  • 参考咨询
  • 我的图书馆
  • 登录
  • 详细信息显示
  • 放入我的书架
  • 预约/预借图书
  • 作者相关作品
  • 分类相关作品
  • 丛书相关作品
  • 出版社相关作品

书目信息

  • 表格格式
  • 工作单格式
  • 卡片格式
题名:
这个天国不太平
    
 
作者: 陶短房 著
分册:  
出版信息: 北京   中华书局  2010
页数: 256页
开本: 24cm
丛书名:
单 册:
中图分类: K254.06 , K254.06
科图分类:
主题词: 太平天国革命--史料 , 太平天国革命 , 中国--历史--1840~1949
电子资源:
ISBN: 978-7-101-07544-1
000 00966nam0 2200289 450
001 1230364265
005 20121025082835.06
010    @a978-7-101-07544-1@dCNY30.00
090    @aK254@btdf
096    @aK254@btdf
100    @a20101117d2010 em y0chiy50 ea
101 0  @achi
102    @aCN@b110000
105    @aa z 000yy
106    @ar
200 1  @a这个天国不太平@b专著@e彩色插图本@f陶短房著@Azhe ge tian guo bu tai ping
210    @a北京@c中华书局@d2010
215    @a256页@c图@d24cm
330    @a本书共分三部,内容包括:洪秀全的女人们、洪秀全的子侄和驸马们、天国一姐洪宣娇、石达开的传说、冯云南山的“假面”、太平天国的文官们、太平天国的小兵们等。
606 0  @a太平天国革命@j史料
606 0  @a太平天国革命
606 0  @a中国@x历史@z1840~1949
690    @aK254.06@v4
690    @aK254.06@v4
701  0 @a陶短房@4著@Atao duan fang
801  0 @aCN@b大连网信软件有限公司图书馆·11@c20121025
905    @a10447@dK254.06@e38
    
    这个天国不太平:彩色插图本/陶短房著.-北京:中华书局,2010
    256页:图;24cm
    
    
    ISBN 978-7-101-07544-1:CNY30.00
    本书共分三部,内容包括:洪秀全的女人们、洪秀全的子侄和驸马们、天国一姐洪宣娇、石达开的传说、冯云南山的“假面”、太平天国的文官们、太平天国的小兵们等。
●
相关链接 在E读中查询图书 在五车中查询图书 在当当中查询图书 在豆瓣中查询图书


正题名:这个天国不太平     索取号:K254.06/38         预约/预借

序号 登录号 条形码 馆藏地/架位号 状态 备注
1 0815817   208158170   第二样本阅览室/ [索取号:K254.06/38] 在馆    
2 0815818   208158189   第二借阅区/ [索取号:K254.06/38] 在馆    
3 0815819   208158198   第二借阅区/ [索取号:K254.06/38] 在馆    
4 0815820   208158205   第二借阅区/ [索取号:K254.06/38] 在馆    
5 0815821   208158214   第二借阅区/ [索取号:K254.06/38] 在馆    
唐山师范学院图书馆 欢迎您!
大连网信软件有限公司© 版权所有